|
|
|
|
| LEADER |
00000nam a2200000 a 4500 |
| 001 |
vtls008155670 |
| 003 |
SK-MaSNL |
| 005 |
20260301040602.0 |
| 008 |
251124s2005 sz f f 000 0 eng |
| 020 |
|
|
|a 9221153630 (brož.)
|
| 040 |
|
|
|a SNK
|b slo
|c SNK
|e AACR2
|
| 041 |
0 |
|
|a eng
|
| 044 |
|
|
|a sz
|c CH
|
| 072 |
|
7 |
|a 331
|x Práca
|2 konspekt
|
| 072 |
|
7 |
|a 006
|x Metrológia. Štandardizácia
|2 konspekt
|
| 080 |
|
|
|a 006.3/.8
|2 2001
|
| 080 |
|
|
|a 331
|2 2001
|
| 080 |
|
|
|a (094)
|2 2001
|
| 080 |
|
|
|a (035)
|2 2001
|
| 245 |
0 |
0 |
|a Report of the committee of experts on the application of conventions and recommendations (articles 19, 22 and 35 of the Constitution) : third item on the agenda: information and reports on the application of conventions and recommendations : general report and observations concerning particular countries
|
| 246 |
1 |
4 |
|a Application of international labour standards
|
| 250 |
|
|
|a 1st ed.
|
| 260 |
|
|
|a Gevena
|b International Labour Office
|c 2005
|
| 300 |
|
|
|a xxvi, 547 s.
|c 30 cm
|
| 490 |
1 |
|
|a Report / International Labour Conference, 93rd Session 2005
|x 0074-6681
|v 3 (part 1A)
|
| 610 |
2 |
7 |
|a Medzinárodná organizácia práce
|2 SNKKA
|9 18131
|
| 650 |
0 |
7 |
|a normy a štandardy
|2 SNKPH
|9 74702
|
| 650 |
0 |
7 |
|a práca
|2 SNKPH
|9 2337
|
| 655 |
|
7 |
|a dokumenty
|2 SNKPH
|9 70482
|
| 655 |
|
7 |
|a príručky
|2 SNKPH
|9 74364
|
| 811 |
2 |
|
|a Medzinárodná konferencia práce
|n (93. :
|d 2005 :
|c Ženeva, Švajčiarsko)
|t Report
|9 113339
|
| 919 |
|
|
|a 92-2-115363-0
|
| 999 |
|
|
|c 586449
|d 588379
|
| 952 |
|
|
|a SNK
|b SNK
|y VYP
|7 0
|p 17A0482159
|o snkIB 70951
|i snk2005/14674
|8 2
|g 41.76
|0 0
|1 0
|4 0
|d 2005-05-23
|l 0
|r 2026-02-23 15:11:17
|w 2026-02-23
|